000 00410nam a2200157 4500
001 107055
003 ES-MaACL
005 20230906184334.0
007 t|
008 061121s1922 fr r ||||1| fre d
100 1 _aMoreux, Th.
_983496
245 1 0 _aOrigine et formation des mondes /
_cpar Th Moreux.
260 _aParis :
_bOctave Doin,
_c1922.
300 _a402 p. ;
_c22 cm.
852 _aES-MaACL
_jF-4436
999 _c107055
_d107055